000 00604nam a2200217Ia 4500
005 20231016094221.0
008 140110s9999 xx 000 0 und d
020 _a9788179550249
_cRs.500.00
040 _aLoreto College
041 _aEnglish
082 _a759.954
_bTAG-LAH
100 _aLahiri, Chandi
245 _aGaganendranath
_bCartoon O Sketch
_cChandi Lahiri
260 _aKolkata
_bSishu Sahitya Sansad
_c2011
300 _a120p.
630 _aCartoons and caricatures
650 _aTagore,Gaganendranath
651 _aTagore,Gaganendranath-Cartoons
850 _aLCLIB
942 _cBK
999 _c38636
_d89115